| 000 -LEADER |
| fixed length control field |
01247cam a2200337 a 4500 |
| 001 - CONTROL NUMBER |
| control field |
15634378 |
| 005 - DATE AND TIME OF LATEST TRANSACTION |
| control field |
20191029173903.0 |
| 008 - FIXED-LENGTH DATA ELEMENTS--GENERAL INFORMATION |
| fixed length control field |
090223s2010 enkae b 001 0 eng |
| 010 ## - LIBRARY OF CONGRESS CONTROL NUMBER |
| LC control number |
2009006691 |
| 020 ## - INTERNATIONAL STANDARD BOOK NUMBER |
| International Standard Book Number |
9780415472548 (hardback : alk. paper) |
| 020 ## - INTERNATIONAL STANDARD BOOK NUMBER |
| International Standard Book Number |
0415472547 (hardback : alk. paper) |
| 020 ## - INTERNATIONAL STANDARD BOOK NUMBER |
| International Standard Book Number |
9780203892572 (ebook) |
| 020 ## - INTERNATIONAL STANDARD BOOK NUMBER |
| International Standard Book Number |
0203892577 (ebook) |
| 035 ## - SYSTEM CONTROL NUMBER |
| System control number |
(OCoLC)ocn229019451 |
| 040 ## - CATALOGING SOURCE |
| Transcribing agency |
DLC |
| 082 00 - DEWEY DECIMAL CLASSIFICATION NUMBER |
| Classification number |
363.3483 |
| Author Mark |
REB |
| 245 00 - TITLE STATEMENT |
| Title |
Rebuilding after disasters : |
| Remainder of title |
from emergency to sustainability / |
| Statement of responsibility, etc. |
edited by Gonzalo Lizarralde, Cassidy Johnson, and Colin Davidson ; preface by Hernando de Soto. |
| 260 ## - PUBLICATION, DISTRIBUTION, ETC. |
| Place of publication, distribution, etc. |
London ; |
| -- |
New York : |
| Name of publisher, distributor, etc. |
Spon Press, |
| Date of publication, distribution, etc. |
2010. |
| 300 ## - PHYSICAL DESCRIPTION |
| Extent |
ix, 283 p. : |
| Other physical details |
ill., plans ; |
| Dimensions |
24 cm. |
| 504 ## - BIBLIOGRAPHY, ETC. NOTE |
| Bibliography, etc. note |
Includes bibliographical references and index. |
| 650 #0 - SUBJECT ADDED ENTRY--TOPICAL TERM |
| Topical term or geographic name entry element |
Emergency housing. |
| 9 (RLIN) |
24989 |
| 650 #0 - SUBJECT ADDED ENTRY--TOPICAL TERM |
| Topical term or geographic name entry element |
Emergency management. |
| 9 (RLIN) |
22975 |
| 650 #0 - SUBJECT ADDED ENTRY--TOPICAL TERM |
| Topical term or geographic name entry element |
Disaster victims |
| General subdivision |
Care. |
| 9 (RLIN) |
24990 |
| 650 #0 - SUBJECT ADDED ENTRY--TOPICAL TERM |
| Topical term or geographic name entry element |
Humanitarian assistance. |
| 9 (RLIN) |
24991 |
| 650 #0 - SUBJECT ADDED ENTRY--TOPICAL TERM |
| Topical term or geographic name entry element |
Sustainable development. |
| 9 (RLIN) |
442 |
| 650 #0 - SUBJECT ADDED ENTRY--TOPICAL TERM |
| Topical term or geographic name entry element |
Building |
| General subdivision |
Superintendence. |
| 9 (RLIN) |
19468 |
| 700 1# - ADDED ENTRY--PERSONAL NAME |
| Personal name |
Lizarralde, Gonzalo, |
| Dates associated with a name |
1974- |
| 9 (RLIN) |
24992 |
| 700 1# - ADDED ENTRY--PERSONAL NAME |
| Personal name |
Johnson, Cassidy, |
| Dates associated with a name |
1975- |
| 9 (RLIN) |
24993 |
| 700 1# - ADDED ENTRY--PERSONAL NAME |
| Personal name |
Davidson, Colin H. |
| 9 (RLIN) |
24994 |
| 942 ## - ADDED ENTRY ELEMENTS (KOHA) |
| Source of classification or shelving scheme |
|
| Koha item type |
Book |